| 000 | 00400nam a2200145Ia 4500 | ||
|---|---|---|---|
| 008 | 230917s9999||||xx |||||||||||||| ||und|| | ||
| 040 |
_e124832 _aMAIN |
||
| 041 | _aEnglish | ||
| 082 | _a361.50954 154149 | ||
| 100 | _aVenugopal, K R | ||
| 245 | 0 | _aDeliverance from hunger; the public distribution systern in India | |
| 260 |
_aNew Delhi _bSage Publications _c1992 |
||
| 300 | _a223 p. | ||
| 942 | _cBK | ||
| 999 |
_c78207 _d78207 |
||